Young Royals S1+2 character names - Statistics

General Stats
  • This quiz has been taken 906 times
  • The average score is 12 of 16
Answer Stats
Picture Answer % Correct
Simon
99%
August
97%
Wilhelm
97%
Sara
95%
Felice
91%
Erik
87%
Marcus
77%
Vincent
71%
Henry
67%
Ayub
62%
Nils
60%
Rosh
60%
Madison
59%
Stella
57%
Walter
55%
Fredrika
52%
No matching quizzes found
Score Distribution
Percent of People with Each Score
Percentile by Number Answered
Your Score History
You have not taken this quiz